书目信息 |
| 题名: |
创意
|
|
| 作者: | 方宁 , 王英华 编著 | |
| 分册: | ||
| 出版信息: | 北京 清华大学出版社 2013.01 |
|
| 页数: | 284页 | |
| 开本: | 26cm | |
| 丛书名: | ||
| 单 册: | ||
| 中图分类: | TP303.092 | |
| 科图分类: | ||
| 主题词: | 网页制作工具 | |
| 电子资源: | ||
| ISBN: | 978-7-302-29356-9 | |
| 000 | 01321nam0 2200265 450 | |
| 001 | 4044 | |
| 005 | 20161212164941.45 | |
| 005 | 20130227153339 | |
| 010 | @a978-7-302-29356-9@dCNY59.80 | |
| 100 | @a20130225d2013 em y0chiy0110 ea | |
| 101 | 0 | @achi |
| 102 | @aCN@b110000 | |
| 105 | @aak z 000yy | |
| 200 | 1 | @a创意@9chuang yi@ePhotoshop CS5网页设计与配色实战攻略@f方宁,王英华等编著 |
| 210 | @a北京@c清华大学出版社@d2013.01 | |
| 215 | @a284页@c图表@d26cm@e1光盘 | |
| 330 | @aPhotoshop是当前最流行的图形图像处理软件之一,广泛应用于广告、平面设计及网页制作等领域。《创意:Photoshop CS5网页设计与配色实战攻略》详细介绍网页设计理论、网站的布局结构等知识,涵盖网页设计人员应该掌握的所有知识和操作技法。《创意:Photoshop CS5网页设计与配色实战攻略》的内容包括网页设计中色彩的应用、版面的设计、文字特效、按钮的制作及应用;如何使用Photoshop制作网页动画如Banner、导航条和网络广告;网页其他组成部分的设计和制作、优化Web页和网页界面特效实例等。 | |
| 333 | @a本书适用于计算机爱好者学习参考。 | |
| 517 | 1 | @aPhotoshop CS5网页设计与配色实战攻略@9Photoshop CS5 wang ye she ji yu pei se shi zhan gong lve |
| 606 | 0 | @a网页制作工具 |
| 690 | @aTP303.092@v4 | |
| 701 | 0 | @a方宁@9fang ning@4编著 |
| 701 | 0 | @a王英华@9wang ying hua@4编著 |
| 801 | 0 | @aCN@b大连网信软件有限公司图书馆·11@c20161212 |
| 905 | @aZUCC@dTP303.092@e676 | |
| 创意:Photoshop CS5网页设计与配色实战攻略/方宁,王英华等编著.-北京:清华大学出版社,2013.01 |
| 284页:图表;26cm+1光盘 |
| 使用对象:本书适用于计算机爱好者学习参考。 |
| ISBN 978-7-302-29356-9:CNY59.80 |
| Photoshop是当前最流行的图形图像处理软件之一,广泛应用于广告、平面设计及网页制作等领域。《创意:Photoshop CS5网页设计与配色实战攻略》详细介绍网页设计理论、网站的布局结构等知识,涵盖网页设计人员应该掌握的所有知识和操作技法。《创意:Photoshop CS5网页设计与配色实战攻略》的内容包括网页设计中色彩的应用、版面的设计、文字特效、按钮的制作及应用;如何使用Photoshop制作网页动画如Banner、导航条和网络广告;网页其他组成部分的设计和制作、优化Web页和网页界面特效实例等。 |
| ● |
| 相关链接 |
|
|
|
|
正题名:创意
索取号:TP303.092/676
 
预约/预借
| 序号 | 登录号 | 条形码 | 馆藏地/架位号 | 状态 | 备注 |
| 1 | 908912 | 209089127 | 第二样本阅览室/ [索取号:TP303.092/676] | 在馆 | |
| 2 | 908913 | 209089136 | 密集书库—计算机科学学院/ [索取号:TP303.092/676] | 在馆 | |
| 3 | 908914 | 209089145 | 第三借阅区/ [索取号:TP303.092/676] | 在馆 | |
| 4 | 908915 | 209089154 | 第三借阅区/ [索取号:TP303.092/676] | 在馆 | |
| 5 | 908916 | 209089163 | 第三借阅区/ [索取号:TP303.092/676] | 在馆 |